000 00382nam a2200169Ia 4500
005 20250423101618.0
008 250422s9999 xx 000 0 und d
020 _a9780340950012
050 _aP 241 .H37/
100 _aHaspelmath, Martin
245 0 _aUnderstanding morphology
260 _aLondon
260 _bRoutledge
260 _c2010
300 _a366 p
942 _cBK
999 _c36753
_d36753